Sports Quiz

Random Sports or Tennis Quiz

Men's Tennis at the Summer Olympics Quiz Stats

 Plays Quiz Updated Oct 17, 2018

Challenge
Share
Tweet
Embed
Score 0/26 Timer 06:00
6 Plays Today
Year Player % Correct
2012Roger Federer (Silver)
95.2%
2008Rafael Nadal (Gold)
93.1%
2012Andy Murray (Gold)
91.3%
2016Andy Murray (Gold)
91.1%
1996Andre Agassi (Gold)
79.9%
2008Novak Djokovic (Bronze)
75.9%
2016Juan Martín del Potro (Silver)
71.7%
2012Juan Martín del Potro (Silver)
68.6%
2016Kei Nishikori (Bronze)
62.3%
1988Stefan Edberg (Bronze)
36.9%
2004Fernando González (Bronze)
33.9%
2008Fernando González (Silver)
33.9%
2000Yevgeny Kafelnikov (Gold)
33%
Year Player % Correct
2004Mardy Fish (Silver)
26.5%
1992Goran Ivanišević (Bronze)
26.1%
2000Tommy Haas (Silver)
25.7%
1996Leander Paes (Bronze)
20.9%
2004Nicolás Massú (Gold)
19.7%
1992Marc Rosset (Gold)
16.6%
1996Sergi Bruguera (Silver)
14.7%
1988Miloslav Mečíř (Gold)
12.6%
1988Brad Gilbert (Bronze)
7.1%
2000Arnaud di Pasquale (Bronze)
6.7%
1988Tim Mayotte (Silver)
6%
1992Jordi Arrese (Silver)
4.5%
1992Andrei Cherkasov (Bronze)
4.1%

You're not logged in!

Compare scores with friends on all Sporcle quizzes.
OR
Log In

You Might Also Like...

Show Comments

Extras

Top Quizzes Today


Score Distribution

Your Account Isn't Verified!

In order to create a playlist on Sporcle, you need to verify the email address you used during registration. Go to your Sporcle Settings to finish the process.

Report this User

Report this user for behavior that violates our Community Guidelines.

Details: